000 00979nam a22002651u 4500
001 03002
003 HDC
007 cr bn ---
008 201226p2006 xx fo d 00 mayg
040 _aHDC
100 _aAZMA NIZAR BINTI ABU MANSHOR,
_eauthor
_91676
245 0 _aPENGGUNAAN LOGO HALAL PADA LABEL MAKANAN DALAM MEMPENGARUHI KUASA BELI PENGGUNA MUSLIM DAN BUKAN MUSLIM /
_cAZMA NIZAR BINTI ABU MANSHOR
260 _a[No Place] :
_b[publisher not identified],
_c2006
300 _a27 pages
336 _atext
_2rdacontent
337 _acomputer
_2rdamedia
338 _aonline resource
_2rdacarrier
650 _aFood
_xReligious aspects
_xIslam
_9239
650 _aHalal food industry
_zMalaysia
_9218
650 _aHalal food
_950
856 _zRequest full-text at [email protected]
942 _2lcc
942 _cTHE
942 _kTHES 000066
999 _c388
_d388